000 01502nam a22003857a 4500
003 CHAP
005 20220329134549.0
008 971013s1988 r 00010 d
010 _a22255
011 _a23227
035 _a27322
040 _cCHAP
090 _aTesis
100 0 0 _aFernández Pérez, Livia.
_940270
245 _aCaracterización física y mineralógica de los principales subtipos de suelos oscuros plásticos de las provincias orientales cultivados con caña de azúcar
260 _aLa Habana :
_bEl autor,
_c1988
300 _a30 p.
_b: ilus. ; gráfs.
502 _aTesis (Doctor en Ciencias Agrícolas) -- Instituto Superior de Ciencias Agropecuarias de la Habana "Fructuoso Rodríguez Pérez". Departamento de Física
590 _aALEPH
_b10
_c20130110
_lUCH01
_h1246
590 _aBATCH-UPD
_b10
_c20130110
_lUCH01
_h0034
590 _aBATCH-UPD
_b10
_c20130110
_lUCH01
_h1526
590 _aBATCH-UPD
_b10
_c20130409
_lUCH01
_h2017
590 _aBATCH-UPD
_b10
_c20130410
_lUCH01
_h0935
590 _aBATCH-UPD
_b10
_c20130914
_lUCH01
_h1356
590 _aCONVERSION
_b10
_c20130109
_lUCH01
_h1313
650 1 4 _aSuelos cañeros.
_9110540
650 1 4 _aSuelos
_xClasificación
_xCuba.
_9110244
650 1 4 _aSuelos
_xCuba.
_9110333
650 1 4 _aSuelos
_xElementos minerales.
_9110356
650 1 4 _aSuelos
_xFísica de.
_9110373
901 _aBK
942 _cFOLL
949 _bBC
_cTES
_d-63361
_eTS1
_h27256
_i27322
_si
949 _bBC
_cTES
_d33724002106330
_eTS2
_fc.2
_h49671
_i27322
_sb
999 _c22255
_d22255